| 000 -LEADER |
| fixed length control field |
00817nam a22002537a 4500 |
| 001 - CONTROL NUMBER |
| control field |
18181 |
| 003 - CONTROL NUMBER IDENTIFIER |
| control field |
BD-DhUAP |
| 005 - DATE AND TIME OF LATEST TRANSACTION |
| control field |
20210104142214.0 |
| 008 - FIXED-LENGTH DATA ELEMENTS--GENERAL INFORMATION |
| fixed length control field |
200204s2012 bg a 000 0 eng d |
| 020 ## - INTERNATIONAL STANDARD BOOK NUMBER |
| International Standard Book Number |
9843000009755 |
| 040 ## - CATALOGING SOURCE |
| Original cataloging agency |
BD-DhAAL |
| Transcribing agency |
BD-DhAAL |
| Language of cataloging |
Eng |
| Modifying agency |
BD-DhUAP |
| 082 00 - DEWEY DECIMAL CLASSIFICATION NUMBER |
| Edition number |
23 |
| Classification number |
336.24095492 SHI |
| 100 1# - MAIN ENTRY--PERSONAL NAME |
| Personal name |
Shil, Nikhil Chandra. |
| 245 10 - TITLE STATEMENT |
| Title |
Bangladesh income tax : |
| Remainder of title |
theory and practice / |
| Statement of responsibility, etc. |
Nikhil Chandra Shil, Mohammad Zakaria Masud and Mohammad Faridul Alam. |
| 250 ## - EDITION STATEMENT |
| Edition statement |
6th ed. |
| 260 ## - PUBLICATION, DISTRIBUTION, ETC. |
| Place of publication, distribution, etc. |
Dhaka : |
| Name of publisher, distributor, etc. |
Shams Publications, |
| Date of publication, distribution, etc. |
c2012. |
| 300 ## - PHYSICAL DESCRIPTION |
| Extent |
770 pages : |
| Other physical details |
illustrations ; |
| Dimensions |
24 cm. |
| 650 #0 - SUBJECT ADDED ENTRY--TOPICAL TERM |
| Topical term or geographic name entry element |
Income tax |
| Geographic subdivision |
Bangladesh. |
| 700 1# - ADDED ENTRY--PERSONAL NAME |
| Personal name |
Masud, Mohammad Zakaria. |
| 700 1# - ADDED ENTRY--PERSONAL NAME |
| Personal name |
Alam, Mohammad Faridul. |
| 942 ## - ADDED ENTRY ELEMENTS (KOHA) |
| Source of classification or shelving scheme |
|
| Koha item type |
Book |